An introduction to database systems (Record no. 13698)

MARC details
000 -LEADER
fixed length control field 00504 a2200193 4500
001 - CONTROL NUMBER
control field 149498
003 - CONTROL NUMBER IDENTIFIER
control field OSt
005 - DATE AND TIME OF LATEST TRANSACTION
control field 20211027155315.0
008 - FIXED-LENGTH DATA ELEMENTS--GENERAL INFORMATION
fixed length control field
020 ## - INTERNATIONAL STANDARD BOOK NUMBER
International Standard Book Number 9788175156171
082 ## - DEWEY DECIMAL CLASSIFICATION NUMBER
Classification number 005.74
Item number D45I
100 1# - MAIN ENTRY--PERSONAL NAME
Personal name Desai, Bipin C.
245 1# - TITLE STATEMENT
Title An introduction to database systems
Statement of responsibility, etc by Bipin C. Desai
260 ## - PUBLICATION, DISTRIBUTION, ETC. (IMPRINT)
Place of publication, distribution, etc New Delhi
Name of publisher, distributor, etc Galgotia Publications
Date of publication, distribution, etc 2014
300 ## - PHYSICAL DESCRIPTION
Extent 934p.
653 ## - INDEX TERM--UNCONTROLLED
Uncontrolled term Computer Science
653 ## - INDEX TERM--UNCONTROLLED
Uncontrolled term Database management
942 ## - ADDED ENTRY ELEMENTS (KOHA)
Source of classification or shelving scheme Dewey Decimal Classification
Koha item type Books
Holdings
Withdrawn status Lost status Damaged status Not for loan Collection code Home library Current library Date acquired Source of acquisition Cost, normal purchase price Total Checkouts Full call number Barcode Date last seen Date checked out Price effective from Koha item type
        General Text Book Central University Of Rajasthan Central University Of Rajasthan 11/09/2015 CSC 0.00 1 005.74 D45I 23161 24/05/2022 13/05/2022 02/09/2020 Books
        General Text Book Central University Of Rajasthan Central University Of Rajasthan 11/09/2015 CSC 0.00   005.74 D45I 23160 21/11/2024   02/09/2020 Books
        General Text Book Central University Of Rajasthan Central University Of Rajasthan 11/09/2015 CSC 0.00   005.74 D45I 23159 21/11/2024   02/09/2020 Books